| 000 | 00895nam a2200277Ia 4500 | ||
|---|---|---|---|
| 003 | OSt | ||
| 005 | 20220928115457.0 | ||
| 006 | a|||||r|||| 00| 0 | ||
| 007 | ta | ||
| 008 | 220927b |||||||| |||| 00| 0 eng d | ||
| 020 | _c4438.1599999999999 | ||
| 024 | _a104269 | ||
| 037 |
_b90, 30/12/2009, Better Book Service _cTextual |
||
| 040 |
_aSDCL _cSDCL _beng |
||
| 041 |
_2eng _aeng |
||
| 082 | _aX:5381, P8 | ||
| 100 |
_aGreenaway David Ed. _9444463 |
||
| 245 | 0 | _aGlobalisation and labour market adjustment. | |
| 260 |
_aNew York _b Palgrave Macmillan _c2008 |
||
| 300 |
_axi,215p _ccm. |
||
| 650 | _aBuisness Economics | ||
| 700 |
_a Upward Richard Ed. _9444464 |
||
| 700 |
_a Wright Peter Ed. _9444465 |
||
| 942 |
_hX:5381, P8 _cTEXL _2CC |
||
| 999 |
_c759556 _d759556 |
||